Statistics for Countries with Double Letters

Click here to take the quiz!

General Stats

  • This quiz has been taken 4,917 times
    (4,280 since last reset)
  • The average score is 6 of 13

Answer Stats

Continent Country % Correct
EuropeRussia
75%
EuropeGreece
72%
AfricaMorocco
65%
EuropeAndorra
64%
AsiaPhilippines
51%
AfricaCameroon
48%
North AmericaSaint Kitts and Nevis
48%
OceaniaMarshall Islands
48%
AfricaSeychelles
43%
AfricaSierra Leone
36%
AfricaGuinea-Bissau
32%
EuropeBosnia and Herzegovina
16%
North AmericaAntigua and Barbuda
15%

Score Distribution

Percentile by Number Answered

Percent of People with Each Score

Your Score History

You have not taken this quiz since the last reset